Sofiin svět : světově nejžádanější dějiny filosofie /
Dějiny filozofického myšlení od starověké mytologie po existencialismus v populární formě napínavého příběhu.
Uloženo v:
| Hlavní autor: | |
|---|---|
| Další autoři: | , , |
| Médium: | E-audiokniha |
| Jazyk: | Czech |
| Vydáno: |
Praha :
Albatros,
[2020]
|
| Témata: | |
| Tagy: |
Žádné tagy |
| LEADER | 04826nim a2201213 ia4500 | ||
|---|---|---|---|
| 001 | 313085 | ||
| 003 | CZ PrSKC | ||
| 005 | 20260601215735.0 | ||
| 007 | sd fungnnmmned | ||
| 008 | 200901t20202020xr nnnng f n cze | ||
| 015 | |a cnb003244763 | ||
| 024 | 3 | |a 8594050430761 | |
| 040 | |a ABA001 |b cze |e rda | ||
| 041 | 1 | |d cze |h nor | |
| 072 | 7 | |a 821.11 |x Germánské literatury |2 Konspekt | |
| 072 | 7 | |a 821-93 |x Literatura pro děti a mládež (beletrie) |2 Konspekt | |
| 080 | |a 821.113.5-31 |2 MRF | ||
| 080 | |a 14(091) |2 MRF | ||
| 080 | |a (0:82-31) |2 MRF | ||
| 080 | |a (086.7.053.2) |2 MRF | ||
| 080 | |a (086.7)08 |2 MRF | ||
| 080 | |a (086.76) |2 MRF | ||
| 100 | 1 | |a Gaarder, Jostein, |d 1952- |7 jn19990002512 |4 aut | |
| 240 | 1 | 0 | |a Sofies verden. |l Česky |
| 245 | 1 | 0 | |a Sofiin svět : |b světově nejžádanější dějiny filosofie / |c Jostein Gaarder ; z norského originálu Sofies verden, Roman om filosofiens historie přeložila Jarka Vrbová |
| 264 | 1 | |a Praha : |b Albatros, |c [2020] | |
| 264 | 4 | |c ©2020 | |
| 300 | |a 2 audiodisky (22 hod., 51 min.) ; |c 12 cm | ||
| 306 | |a 225100 | ||
| 336 | |a mluvené slovo |b spw |2 rdacontent | ||
| 337 | |a audio |b s |2 rdamedia | ||
| 338 | |a audiodisk |b sd |2 rdacarrier | ||
| 344 | |a digital |b optical |2 rda | ||
| 347 | |a audio soubor |b MP3 |2 rda | ||
| 500 | |a Název z disku | ||
| 500 | |a Copyright Albatros Media | ||
| 500 | |a Podle stejnojmenné knihy vydané nakladatelstvím Albatros v roce 2019 | ||
| 500 | |a Nezkrácená audiokniha ve formátu mp3 na dvou CD | ||
| 508 | |a Režie Jiří Knot | ||
| 511 | 0 | |a Čte Václav Knop | |
| 520 | 2 | |a Dějiny filozofického myšlení od starověké mytologie po existencialismus v populární formě napínavého příběhu. | |
| 521 | 8 | |a Pro posluchače od 12 let | |
| 650 | 0 | 7 | |a dějiny filozofie |7 ph137168 |2 czenas |
| 655 | 7 | |a norské romány |7 fd132917 |2 czenas | |
| 655 | 7 | |a zvukové záznamy pro děti a mládež |7 fd186726 |2 czenas | |
| 655 | 7 | |a audioknihy |7 fd119452 |2 czenas | |
| 655 | 7 | |a kompaktní disky |7 fd201991 |2 czenas | |
| 700 | 1 | |a Vrbová, Jarka, |d 1950- |7 jn20000402620 |4 trl | |
| 700 | 1 | |a Knot, Jiří, |d 1949- |7 xx0064161 |4 drt | |
| 700 | 1 | |a Knop, Václav, |d 1949- |7 xx0079830 |4 nrt | |
| 900 | |a ABA001 |b 19 | ||
| 044 | |a xr | ||
| 505 | 0 | 0 | |t Rajská zahrada (22 min., 11 sek.) |
| 505 | 0 | 0 | |t Kouzelníkův cylindr (31 min., 43 sek.) |
| 505 | 0 | 0 | |t Mýty (19 min., 40 sek.) |
| 505 | 0 | 0 | |t Filosofové přírody (38 min., 7 sek.) |
| 505 | 0 | 0 | |t Demokritos (15 min., 18 sek.) |
| 505 | 0 | 0 | |t Osud (21 min., 43 sek.) |
| 505 | 0 | 0 | |t Sokrates (41 min., 14 sek.) |
| 505 | 0 | 0 | |t Athény (15 min., 42 sek.) |
| 505 | 0 | 0 | |t Platón (26 min., 54 sek.) |
| 505 | 0 | 0 | |t Platón 2 (18 min., 59 sek.) |
| 505 | 0 | 0 | |t Majorova chata (24 min., 0 sek.) |
| 505 | 0 | 0 | |t Aristoteles (29 min., 19 sek.) |
| 505 | 0 | 0 | |t Aristoteles 2 (21 min., 11 sek.) |
| 505 | 0 | 0 | |t Helenismus (32 min., 11 sek.) |
| 505 | 0 | 0 | |t Helenismus 2 (22 min., 24 sek.) |
| 505 | 0 | 0 | |t Pohlednice (19 min., 11 sek.) |
| 505 | 0 | 0 | |t Dva kulturní okruhy (25 min., 38 sek.) |
| 505 | 0 | 0 | |t Dva kulturní okruhy 2 (22 min., 28 sek.) |
| 505 | 0 | 0 | |t Středověk (32 min., 39 sek.) |
| 505 | 0 | 0 | |t Středověk 2 (29 min., 44 sek.) |
| 505 | 0 | 0 | |t Renesance (33 min., 20 sek.) |
| 505 | 0 | 0 | |t Renesance 2 (43 min., 27 sek.) |
| 505 | 0 | 0 | |t Baroko (42 min., 4 sek.) |
| 505 | 0 | 0 | |t Descartes (39 min., 1 sek.) |
| 505 | 0 | 0 | |t Spinoza (25 min., 38 sek.) |
| 505 | 0 | 0 | |t Locke (26 min., 11 sek.) |
| 505 | 0 | 0 | |t Hume (39 min., 35 sek.) |
| 505 | 0 | 0 | |t Berkeley (11 min., 58 sek.) |
| 505 | 0 | 0 | |t Bjerkely (40 min., 54 sek.) |
| 505 | 0 | 0 | |t Osvícenství (23 min., 57 sek.) |
| 505 | 0 | 0 | |t Osvícenství 2 (23 min., 55 sek.) |
| 505 | 0 | 0 | |t Kant (27 min., 26 sek.) |
| 505 | 0 | 0 | |t Kant 2 (25 min., 31 sek.) |
| 505 | 0 | 0 | |t Romantismus (26 min., 41 sek.) |
| 505 | 0 | 0 | |t Romantismus 2 (19 min., 51 sek.) |
| 505 | 0 | 0 | |t Hegel (32 min., 53 sek.) |
| 505 | 0 | 0 | |t Keirkegaard (35 min., 38 sek.) |
| 505 | 0 | 0 | |t Marx (18 min., 58 sek.) |
| 505 | 0 | 0 | |t Marx 2 (26 min., 11 sek.) |
| 505 | 0 | 0 | |t Darwin (33 min., 36 sek.) |
| 505 | 0 | 0 | |t Darwin 2 (33 min., 57 sek.) |
| 505 | 0 | 0 | |t Freud (27 min., 19 sek.) |
| 505 | 0 | 0 | |t Freud 2 (24 min., 28 sek.) |
| 505 | 0 | 0 | |t Naše doba (33 min., 28 sek.) |
| 505 | 0 | 0 | |t Naše doba 2 (34 min., 2 sek.) |
| 505 | 0 | 0 | |t Zahradní slavnost (36 min., 50 sek.) |
| 505 | 0 | 0 | |t Kontrapunkt (19 min., 20 sek.) |
| 505 | 0 | 0 | |t Kontrapunkt 2 (27 min., 52 sek.) |
| 505 | 0 | 0 | |t Velký třesk (26 min., 52 sek.) |
| 910 | |a RBIT002 | ||
| 998 | |d 354313 |a https://core.palmknihy.cz/api/books/354313/cover?shcr8w |b https://core.palmknihy.cz/api/books/354313/cover/400?shcr8w |c https://core.palmknihy.cz/api/books/354313/cover/50?shcr8w |e 2050-12-31 |i 8594050430761 |l 82260 |q 49 |r 1 |s https://www.palmknihy.cz/kniha/354313 |t audiobook |y 2020 |z 0 | ||
| 999 | |d 313083 | ||